000 00430nam a2200169Ia 4500
008 230524s9999 xx 000 0 und d
020 _a9788181286383
082 _a5.33
_bCHU
100 _aClare Churcher
245 0 _aBeginning Database Design : From Novice To Professional
250 _aIST
260 _aNEW DELHI
_bApress
_c2008
300 _aXIV;375
500 _aQuantity Number: 2
650 _aComp-Sc
942 _cBK
999 _c41944
_d41944